<?xml version="1.0" encoding="UTF-8"?>
<record
    xmlns:xsi="http://www.w3.org/2001/XMLSchema-instance"
    xsi:schemaLocation="http://www.loc.gov/MARC21/slim http://www.loc.gov/standards/marcxml/schema/MARC21slim.xsd"
    xmlns="http://www.loc.gov/MARC21/slim">

  <leader>01263cam a2200289 u 4500</leader>
  <datafield tag="999" ind1=" " ind2=" ">
    <subfield code="c">7658</subfield>
    <subfield code="d">7658</subfield>
  </datafield>
  <controlfield tag="001">991060413765006706</controlfield>
  <controlfield tag="003">OSt</controlfield>
  <controlfield tag="005">20230322140621.0</controlfield>
  <controlfield tag="008">220430s2021    spc      r     000 0 cat c</controlfield>
  <datafield tag="015" ind1=" " ind2=" ">
    <subfield code="a">LL2022</subfield>
    <subfield code="2">bnc</subfield>
  </datafield>
  <datafield tag="017" ind1=" " ind2=" ">
    <subfield code="a">DL V 810-2022</subfield>
    <subfield code="b">Oficina DL Val&#xE8;ncia</subfield>
  </datafield>
  <datafield tag="020" ind1=" " ind2=" ">
    <subfield code="a">9788491349440</subfield>
  </datafield>
  <datafield tag="040" ind1=" " ind2=" ">
    <subfield code="a">ES-BaBM</subfield>
    <subfield code="b">cat</subfield>
    <subfield code="e">rda</subfield>
    <subfield code="c">CDMR</subfield>
  </datafield>
  <datafield tag="080" ind1=" " ind2=" ">
    <subfield code="a">070.42Fuster, Joan</subfield>
    <subfield code="2">2004</subfield>
  </datafield>
  <datafield tag="245" ind1="0" ind2="0">
    <subfield code="a">Joan Fuster i el periodisme /</subfield>
    <subfield code="c">J. L. G&#xF3;mez Mompart, [i 4 m&#xE9;s]</subfield>
  </datafield>
  <datafield tag="264" ind1=" " ind2="1">
    <subfield code="a">Val&#xE8;ncia :</subfield>
    <subfield code="b">Universitat de Val&#xE8;ncia,</subfield>
    <subfield code="c">2022</subfield>
  </datafield>
  <datafield tag="300" ind1=" " ind2=" ">
    <subfield code="a">190 p&#xE0;gines ;</subfield>
    <subfield code="c">21 cm</subfield>
  </datafield>
  <datafield tag="490" ind1="1" ind2=" ">
    <subfield code="a">C&#xE0;tedra Joan Fuster ;</subfield>
    <subfield code="v">27</subfield>
  </datafield>
  <datafield tag="505" ind1="8" ind2=" ">
    <subfield code="a">Cont&#xE9;: Els lectors i les lectores de Joan Fuster / Josep Llu&#xED;s G&#xF3;mez Mompart -- El periodisme en la cultura catalana segons Fuster / Joan Manuel Tresserras -- Pro pane lucrando (per a guanyar-se el pa) / Empar Marco Estell&#xE9;s -- El periodisme de Joan Fuster / Francesc P&#xE9;rez i Morag&#xF3;n -- Els articles in&#xE8;dits de Joan Fuster a Serra d'Or / J. &#xC0;ngel Cano Mateu</subfield>
  </datafield>
  <datafield tag="600" ind1="1" ind2="0">
    <subfield code="a">Fuster, Joan</subfield>
    <subfield code="2">lemac</subfield>
    <subfield code="9">2962</subfield>
  </datafield>
  <datafield tag="650" ind1=" " ind2="7">
    <subfield code="a">Periodistes</subfield>
    <subfield code="z">Catalunya</subfield>
    <subfield code="v">Biografia.</subfield>
    <subfield code="2">lemac</subfield>
  </datafield>
  <datafield tag="700" ind1="1" ind2="2">
    <subfield code="a">G&#xF3;mez Mompart, Josep Llu&#xED;s</subfield>
    <subfield code="9">1072</subfield>
  </datafield>
  <datafield tag="830" ind1=" " ind2="0">
    <subfield code="a">C&#xE0;tedra Joan Fuster (Col&#xB7;lecci&#xF3;) ;</subfield>
    <subfield code="v">27</subfield>
  </datafield>
  <datafield tag="908" ind1=" " ind2=" ">
    <subfield code="a">BMON</subfield>
    <subfield code="a">UAB</subfield>
    <subfield code="a">BC</subfield>
  </datafield>
  <datafield tag="940" ind1=" " ind2=" ">
    <subfield code="a">BMON</subfield>
  </datafield>
  <datafield tag="942" ind1=" " ind2=" ">
    <subfield code="2">udc</subfield>
    <subfield code="c">MON</subfield>
  </datafield>
  <datafield tag="952" ind1=" " ind2=" ">
    <subfield code="0">0</subfield>
    <subfield code="1">0</subfield>
    <subfield code="4">0</subfield>
    <subfield code="7">0</subfield>
    <subfield code="a">CDMR</subfield>
    <subfield code="b">CDMR</subfield>
    <subfield code="d">2023-03-22</subfield>
    <subfield code="e">Donaci&#xF3;</subfield>
    <subfield code="g">14.50</subfield>
    <subfield code="l">0</subfield>
    <subfield code="o">Du 9/70</subfield>
    <subfield code="p">CDMR22090006</subfield>
    <subfield code="r">2023-03-22</subfield>
    <subfield code="w">2023-03-22</subfield>
    <subfield code="y">MON</subfield>
  </datafield>
</record>
